| 000 | 00748nam a2200241 i 4500 | ||
|---|---|---|---|
| 001 | 8719 | ||
| 003 | ES-MaACL | ||
| 005 | 20250628062013.0 | ||
| 007 | t| | ||
| 008 | 920825s1991 sp ||||1| spa d | ||
| 020 | _a84-86919-44-4 | ||
| 080 | _a86-311.4"19" | ||
| 080 | _a86(González de la Aleja,M.7 C.01) | ||
| 100 | 1 |
_aGonzález de la Aleja, Manuel. _958547 |
|
| 245 | 1 | 3 |
_aEl Crimen de la bodega / _cManuel González de la Aleja. |
| 260 |
_aAlbacete : _bDiputación, _cD.L. 1991. |
||
| 300 |
_a325 p. ; _c21 cm. |
||
| 490 | 1 | _aEl narrador local | |
| 710 | 1 |
_aAlbacete (Provincia). _bDiputación Provincial _91313 |
|
| 830 | 0 |
_aEl narrador local _9178260 |
|
| 852 |
_aES-MaACL _jL-16171 _bR.120239 |
||
| 999 |
_c8719 _d8719 |
||